| 000 | 00475nam a2200181Ia 4500 | ||
|---|---|---|---|
| 008 | 131103s9999 xx 000 0 und d | ||
| 040 | _aLoreto College | ||
| 041 | _aEnglish | ||
| 082 |
_a822.91/ELI _bLCLIB(press)/24488 |
||
| 100 | _aFisher, Robert | ||
| 245 |
_aMurder in the cathedral _b Notes _cRobert Fisher |
||
| 260 |
_aLondon _bColes _c1963 |
||
| 300 |
_a59p. _c 20cm. |
||
| 650 | _aEliot | ||
| 651 | _aEnglish drama | ||
| 850 | _aLCLIB/822.91/ELI | ||
| 942 | _cBK | ||
| 999 |
_c24740 _d75219 |
||